00258cam a22000977a 4500008004000000100001800040245003400058260003900092300001000131650001900141180718b1998 xxu||||| |||| 00| 0 eng d aRoy, Siddhesh aSukhi Bharatcby Siddhesh Roy aNew DelhibBajrang Prakashanc1998 a240p. aEconomic-India